Mathematical analysis/ (Record no. 101806)

MARC details
000 -LEADER
fixed length control field 00825nam a22002417a 4500
005 - DATE AND TIME OF LATEST TRANSACTION
control field 20170206114346.0
010 ## - LCCN (DPL NO)
LC control number 1617EN ENG-116820
020 ## - INTERNATIONAL STANDARD BOOK NUMBER
International Standard Book Number 9789385923869
Terms of availability 499.00
035 ## - SYSTEM CONTROL NUMBER
System control number B-650649-661
035 ## - SYSTEM CONTROL NUMBER
System control number EN-100352
037 ## - SOURCE OF ACQUISITION
Source of stock number/acquisition BSB
Stock number dpl
082 ## - DEWEY DECIMAL CLASSIFICATION NUMBER
Classification number 515
100 ## - MAIN ENTRY--PERSONAL NAME
Personal name Malik, S.C.
245 ## - TITLE STATEMENT
Title Mathematical analysis/
Statement of responsibility, etc by S.C.Malik [and] Savita Arora
250 ## - EDITION STATEMENT
Edition statement 5th. ed
260 ## - PUBLICATION, DISTRIBUTION, ETC. (IMPRINT)
Place of publication, distribution, etc New Delhi
Name of publisher, distributor, etc New age International
Date of publication, distribution, etc 2017
270 ## - ADDRESS
Address 7/30 A, Daryaganj
City New Delhi
Postal code 110002
300 ## - PHYSICAL DESCRIPTION
Extent xiv, 870p.:
Dimensions 24cm(pbk)
Other physical details col.,illus.
500 ## - GENERAL NOTE
General note Includes index
700 ## - ADDED ENTRY--PERSONAL NAME
Personal name Arora,Savita
942 ## - ADDED ENTRY ELEMENTS (KOHA)
Source of classification or shelving scheme Dewey Decimal Classification
Item type English Books
Classification part 515
Call number suffix MAL
Holdings
Withdrawn status Lost status Not for loan Collection code Home library Current library Date acquired Source of acquisition Cost, normal purchase price Full call number Barcode Copy number Cost, replacement price Koha item type
    Not For Loan Non-fiction D.B.Act.Division Bawana 14/12/2016 DBAD/PUB 499.00 515 MAL EN-100352 1 499.00 English Books
      Non-fiction Bawana Bawana 06/02/2017 BPPD/EN/2016-17/289/24.11.2016/337/2.12.2016/4.1.2017 499.00 515 MAL B-650658 1 499.00 English Books
      Non-fiction Bawana Bawana 06/02/2017 BPPD/EN/2016-17/289/24.11.2016/337/2.12.2016/4.1.2017 499.00 515 MAL B-650660 1 499.00 English Books
      Non-fiction Central Jail Tihar Central Jail Tihar 06/02/2017 BPPD/EN/2016-17/289/24.11.2016/337/2.12.2016/4.1.2017 499.00 515 MAL B-650655 1 499.00 English Books
      Non-fiction Central Library Central Library 06/02/2017 BPPD/EN/2016-17/289/24.11.2016/337/2.12.2016/4.1.2017 499.00 515 MAL B-650649 1 499.00 English Books
      Non-fiction Janak Puri Janak Puri 06/02/2017 BPPD/EN/2016-17/289/24.11.2016/337/2.12.2016/4.1.2017 499.00 515 MAL B-650656 1 499.00 English Books
      Non-fiction Kasturba Gandhi Marg Kasturba Gandhi Marg 06/02/2017 BPPD/EN/2016-17/289/24.11.2016/337/2.12.2016/4.1.2017 499.00 515 MAL B-650652 1 499.00 English Books
      Non-fiction Narela Narela 06/02/2017 BPPD/EN/2016-17/289/24.11.2016/337/2.12.2016/4.1.2017 499.00 515 MAL B-650659 1 499.00 English Books
      Non-fiction New Police Line New Police Line 06/02/2017 BPPD/EN/2016-17/289/24.11.2016/337/2.12.2016/4.1.2017 499.00 515 MAL B-650650 1 499.00 English Books
      Non-fiction Patel Nagar Patel Nagar 06/02/2017 BPPD/EN/2016-17/289/24.11.2016/337/2.12.2016/4.1.2017 499.00 515 MAL B-650651 1 499.00 English Books
      Non-fiction Peshwa Road Peshwa Road 06/02/2017 BPPD/EN/2016-17/289/24.11.2016/337/2.12.2016/4.1.2017 499.00 515 MAL B-650653 1 499.00 English Books
      Non-fiction Sarojini Nagar Sarojini Nagar 06/02/2017 BPPD/EN/2016-17/289/24.11.2016/337/2.12.2016/4.1.2017 499.00 515 MAL B-650657 1 499.00 English Books
      Non-fiction Shahdara Branch Shahdara Branch 06/02/2017 BPPD/EN/2016-17/289/24.11.2016/337/2.12.2016/4.1.2017 499.00 515 MAL B-650661 1 499.00 English Books
      Non-fiction Tri Nagar Tri Nagar 06/02/2017 BPPD/EN/2016-17/289/24.11.2016/337/2.12.2016/4.1.2017 499.00 515 MAL B-650654 1 499.00 English Books

© Delhi Public Library
Hit Counter
free hit counter